Statistiques concernant 100 Personnages Teen Wolf

Cliquez ici pour prendre le quiz!

Statistiques générales

  • Ce quiz a été pris 772 fois
  • Le résultat moyen est 32 sur 113

Statistiques - réponses

NombreRéponse% Correct
1Scott Mccall
89%
2Stiles Mieczyslaw Stilinski
89%
3Allison Argent
83%
5Lydia Martin
82%
6
Mélissa Mccall
77%
24Malia Tate / Hale
76%
9Chris Argent
75%
8Shérif Noah Stilinski
73%
4Derek Hale
71%
11Kate Argent
71%
42Cora Hale
70%
15Peter Hale
69%
12Gérard Argent
69%
44
Laura Hale
65%
43Talia Hale
65%
10Victoria Argent
63%
7Rafael McCall
62%
23Liam Dunbar
60%
60Claudia Stilinski
58%
13Natalie Martin
52%
110Jeune Derek
52%
102Kira Yukimura
51%
90Elias Stilinski
48%
31Deucalion
48%
20Isaac Lahey
48%
14Lorraine Martin
47%
75Théo Raeken
45%
16Alan Deaton
44%
26Jordan Parrish
44%
111Jeune Peter
42%
50Ken Yukimura
38%
49Noshiko Yukimura
38%
52Henry Tate
37%
106Henry Tate
37%
27
Mason Hewitt
33%
104
Kali
33%
33Hayden Romero
33%
70Mason Hewitt
33%
22Vernon Milton Boyd
32%
61Tara Raeken
30%
37Brett Talbot
29%
34Jennifer Blake / Darach
29%
21Erica Reyes
28%
46Ennis
27%
68Jennifer Blake
27%
29Aiden Steiner
26%
30Corey Bryant
26%
28Ethan Steiner
26%
25Selon Raeken
25%
18Bobby Finstock
23%
32Braeden
23%
36Meredith Walker
23%
35Tamora Monroe
23%
87David Whittemore
22%
64Adrian Harris
19%
19Danny Mahealani
19%
77Adrian Harris
19%
57Tracy Stewart
19%
62Marie-Jeanne Valet
19%
67Nogitsune
19%
39Nolan Holloway
19%
63Sebastien Valet
19%
45Marine Morell
18%
51Garrett Douglas
17%
100Alec
16%
54
Gabriel Valack
14%
65Paige Krasikeva
14%
91Gabriel Valack
14%
96Paige Krasikeva
14%
79
Araya Calavera
13%
58Josh Diaz
13%
109Josh Diaz
13%
17Jackson Wittemore
12%
40Matt Daehler
12%
53Satomi Ito
12%
78Anuk-ite
11%
76Aaron
11%
47Louve du désert
11%
48Valerie Clark
11%
112Valerie Clark
11%
55Brunski
10%
59Donovan Donatti
10%
72Violet
10%
41Sydney
10%
69Cavaliers Fantomes
9%
89Gwen
9%
81Le muet
9%
105Onis
8%
98Patrick Clark
8%
83Caitlin
7%
94Halwyn
7%
99Heather
7%
86Noah Patrick
7%
108William Barrow
7%
82Belasko
6%
71Le chirurgien
La généticienne
Le pathologiste
Les médecin de l'horreur
6%
95Garrison Myers
6%
113Jared
6%
80Le chimiste
6%
97Schrader
6%
93Sean Walcott
6%
92Severo
6%
84Caleb
5%
74Carrie Hudson
5%
73Demarco
5%
66Les orphelins
5%
38Lori Rohr
5%
107Kara Simmons
5%
85Marco
5%
88Phoebe
5%
101Zach
5%
56Crâne d'Araya
2%
103Katashi
2%

Distribution des résultats

Percentile par nombre de réponses

% des personnes avec chaque résultat

Votre développement - résultats

Vous n’avez pas pris ce quiz